Statistiques concernant Culture Générale #16

Cliquez ici pour prendre le quiz!

Statistiques générales

  • Ce quiz a été pris 486 fois
  • Le résultat moyen est 6 sur 15

Statistiques - réponses

Hint Answer % Correct
Comment s'appelle le chien qui garde les enfers dans la mythologie grecque?Cerbere
81%
Quel animal était anciennement nommé Goupil?Renard
74%
Quel petit oiseau est le seul capable de voler en arrière?colibri
73%
De quelle couleur est un kaki?orange
67%
Comment appelle t'on les endives en Belgique (et dans certains endroits du nord de la France)?chicon
51%
Quelle équipe à gagné la coupe du monde de rugby en 2007?Afrique du sud
51%
Qui est Hulk quand il est n'est pas en colère?Bruce Banner
40%
Quel jeu vidéo a été créé par Alexei Pajitnov?tetris
39%
De quoi se nourrissent les baleines?krill
28%
Quel film des Monty Python se terminent par des crucifixions?la vie de brian
28%
Quelle ville à accueilli les Jeux Olympiques d'hiver en 1968?Grenoble
27%
Où se trouve la montagne du destin?mordor
24%
Qui a écrit "Entretien avec un Vampire"?Anne Rice
14%
Comment s'appellait le char américain le plus connu de la seconde guerre mondiale?sherman
13%
Sur quel logo de voiture peut on voir un dragon (Vouivre) dévorer un enfant?Alfa Romeo
11%

Distribution des résultats

Percentile par nombre de réponses

% des personnes avec chaque résultat

Votre développement - résultats

Vous n’avez pas pris ce quiz